000 00669nam a2200241Ia 4500
003 OSt
005 20220926015117.0
006 a|||||r|||| 00| 0
007 ta
008 220923b |||||||| |||| 00| 0 eng d
020 _a0195022645
037 _cGeneral Book
040 _aRTL
_cRTL
_beng
041 _2eng
_aeng
082 _aU435, L8
100 _aBourne L S
_9287351
245 0 _aSystems of cities
_b Readings on structure growth a
260 _aNew York
_bO U P
_c1978
300 _axv, 565p
_ccm.
700 _a Simmons J W Ed.
_9136592
942 _hU435, L8
_cGB
_2CC
999 _c630581
_d630581